Statistics for Tendon Reflex Nerve Roots

Click here to take the quiz!

General Stats

  • This quiz has been taken 5 times
  • The average score is 4 of 6

Answer Stats

HintAnswer% Correct
TricepsC7
100%
BicepsC5, C6
67%
SupinatorC6
67%
FingersC8
67%
KneeL3, L4
67%
AnkleS1, S2
33%

Score Distribution

Percentile by Number Answered

Percent of People with Each Score

Your Score History

You have not taken this quiz